[Event "TCh-RUS"]
[Site "Togliatti RUS"]
[Date "2003.05.25"]
[Round "10"]
[White "Odinokov,N"]
[Black "Batsanin,D"]
[Result "0-1"]
[WhiteElo "2349"]
[BlackElo "2431"]
[EventDate "2003.05.16"]

1. e4 c5 2. Nc3 Nc6 3. g3 g6 4. Bg2 Bg7 5. d3 d6 6. a3 e6 7. Nge2 Nge7 8.
h4 Nd4 9. Nxd4 cxd4 10. Ne2 Bd7 11. c3 dxc3 12. bxc3 d5 13. O-O dxe4 14.
Bxe4 Bc6 15. Rb1 Qd7 16. Qb3 b6 17. Bg5 Bxe4 18. dxe4 O-O 19. Rfd1 Qb7 20.
Nd4 h6 21. Bxe7 Qxe7 22. Qb4 Qb7 23. Nb5 Rfd8 24. f3 Bf8 25. Qb3 Qc6 26.
Kg2 Qc5 27. a4 Qe3 28. Nd4 Rac8 29. Nxe6 Rxd1 30. Qxd1 fxe6 31. Qd7 Qe2+
32. Kh3 Qc4 33. Qxa7 Bc5 34. Rd1 Rf8 35. Qd7 Rf7 36. Qe8+ Kg7 37. e5 Qe2
0-1

[Event "TCh-RUS"]
[Site "Togliatti RUS"]
[Date "2003.05.25"]
[Round "10"]
[White "Petukhov,Val"]
[Black "Katkov,S"]
[Result "1-0"]
[WhiteElo "2467"]
[BlackElo "2234"]
[EventDate "2003.05.16"]

1. c4 e5 2. Nc3 Nc6 3. Nf3 Nf6 4. g3 g6 5. Bg2 Bg7 6. d4 exd4 7. Nxd4 O-O
8. Nxc6 bxc6 9. Qa4 Bb7 10. O-O Qe7 11. Bf4 Rfc8 12. Rad1 Nh5 13. Be3 a5
14. Rd2 Qb4 15. Qc2 Qxc4 16. Rxd7 Qe6 17. Rfd1 Nf6 18. R7d2 Rab8 19. Qa4
Ra8 20. Qh4 Nd5 21. Bh6 Bf6 22. Qe4 Nxc3 23. Qxe6 fxe6 24. bxc3 Bxc3 25.
Rc2 Bb4 26. Bxc6 Bxc6 27. Rxc6 Bd6 28. Be3 Kf7 29. Bc5 Bxc5 30. Rxc5 Ke7
31. Rd3 Ra7 32. Rc6 Re8 33. f4 Rd8 34. Rxd8 Kxd8 35. Rxe6 Kd7 36. Rf6 Ke7
37. Rc6 Kd7 38. Rc4 a4 39. Kf2 Kd6 40. Ke3 c5 41. Kd3 Kc6 42. Re4 Kb5 43.
h4 Rd7+ 44. Kc2 Rb7 45. g4 Ka5 46. f5 gxf5 47. gxf5 Rf7 48. Rf4 Kb5 49. f6
Kc6 50. Kc3 Kd5 51. Rf3 h5 52. Rf1 Ke5 53. Kc4 Rxf6 54. Rxf6 Kxf6 55. Kd5
c4 56. Kxc4 Kf5 57. Kd5 Kg4 58. e4 1-0

[Event "TCh-RUS"]
[Site "Togliatti RUS"]
[Date "2003.05.25"]
[Round "10"]
[White "Iskusnyh,S"]
[Black "Yandemirov,V"]
[Result "1/2-1/2"]
[WhiteElo "2505"]
[BlackElo "2475"]
[EventDate "2003.05.16"]

1. Nf3 Nf6 2. c4 g6 3. Nc3 d5 4. Qa4+ Bd7 5. Qb3 dxc4 6. Qxc4 Bg7 7. e4 O-O
8. e5 Ne8 9. d4 c6 10. Qb3 Qc8 11. Be2 Nc7 12. O-O Be6 13. Qa3 Re8 14. Bg5
Bf8 15. b3 Nd7 16. Rac1 Nd5 17. Ne4 f5 18. Nc5 Nxc5 19. dxc5 Nc7 20. Qa4
Bd5 21. Rfd1 Ne6 22. Be3 Rd8 23. Qh4 Qc7 24. Bc4 Rd7 25. Bxd5 Rxd5 26. Rxd5
cxd5 27. Qa4 Qc6 28. Qa5 a6 29. a4 f4 30. Nd4 Qd7 31. Qb6 fxe3 32. Qxe6+
Qxe6 33. Nxe6 exf2+ 34. Kxf2 Bh6 35. Rc3 Rc8 36. Ke2 Kf7 37. Nd4 Bg7 38.
Nf3 Ke6 39. b4 d4 40. Nxd4+ Kxe5 41. Nf3+ Kd5 42. Rd3+ Kc4 43. Rd7 Kxb4 44.
Rxe7 Bc3 45. Rxh7 Rxc5 46. Rxb7+ Kxa4 47. Rb6 a5 48. h4 Rb5 49. Rxg6 Kb3
50. Nd2+ Bxd2 51. Kxd2 a4 52. Kc1 a3 53. Kb1 Ka4+ 54. Ka1 Re5 55. Ra6+ Kb5
56. Rg6 Ka4 57. Rb6 Re2 58. g4 Re4 59. Ra6+ Kb3 60. Rb6+ Ka4 1/2-1/2

[Event "TCh-RUS"]
[Site "Togliatti RUS"]
[Date "2003.05.25"]
[Round "10"]
[White "Gabdrakhmanov,R"]
[Black "Sherbakov,V"]
[Result "1-0"]
[WhiteElo "2427"]
[BlackElo "2446"]
[EventDate "2003.05.16"]

1. c4 c5 2. Nf3 Nc6 3. g3 e5 4. Nc3 g6 5. Bg2 Bg7 6. O-O Nge7 7. d3 O-O 8.
Bd2 h6 9. Rb1 d6 10. a3 Be6 11. b4 b6 12. b5 Nd4 13. Ne1 Rb8 14. e3 Ndf5
15. a4 Nc8 16. h3 Nfe7 17. Qb3 Qd7 18. Kh2 Rd8 19. e4 g5 20. Nc2 Ng6 21.
Ne3 Nce7 22. Qd1 f6 23. a5 h5 24. axb6 axb6 25. Ra1 h4 26. Ra6 Kf7 27. Ned5
Bxd5 28. Nxd5 Nxd5 29. exd5 Rh8 30. g4 Rb7 31. Be4 Ne7 32. Qf3 Bh6 33. Rfa1
Rhb8 34. Qd1 Bg7 35. R1a2 Bh6 36. Qa1 Bf8 37. Bc3 Bh6 38. Kg2 Bg7 39. Ra8
Qc7 40. Rxb8 Qxb8 41. Ra8 Qc7 42. Qa6 Bf8 43. f4 Bg7 44. fxg5 fxg5 45. Bd2
Bf6 46. Qa1 Kg7 47. Qc1 Ra7 48. Rxa7 Qxa7 49. Bxg5 Qa2+ 50. Kf3 Qh2 51.
Bxf6+ Kxf6 52. Qh6+ Kf7 53. Qxh4 Ke8 54. Qg3 Qd2 55. Qf2 Qf4+ 56. Kg2 Qg5
57. Kg3 1-0

[Event "TCh-RUS"]
[Site "Togliatti RUS"]
[Date "2003.05.25"]
[Round "10"]
[White "Smikovski,I"]
[Black "Rodchenkov,V"]
[Result "1/2-1/2"]
[WhiteElo "2489"]
[BlackElo "2417"]
[EventDate "2003.05.16"]

1. e4 e5 2. Nf3 Nc6 3. Bb5 Nf6 4. d3 d6 5. c3 Bd7 6. Nbd2 a6 7. Ba4 g6 8.
Nf1 Bg7 9. Ng3 O-O 10. O-O Re8 11. Bc2 d5 12. Bg5 Be6 13. Qc1 Qd6 14. h3
Rad8 15. d4 exd4 16. cxd4 dxe4 17. Nxe4 Nxe4 18. Bxe4 f6 19. Bf4 Qd7 20.
Rd1 Bf7 21. Bxc6 bxc6 22. Re1 Bd5 23. Qc3 Rxe1+ 24. Rxe1 Bf8 25. b3 Rb8 26.
Qd3 a5 27. Nd2 a4 28. bxa4 Ra8 29. Qc2 Qf5 30. Qxf5 gxf5 31. Nf1 Rxa4 32.
Ne3 Bb4 33. Rc1 Ba3 34. Rd1 Bxa2 35. Bxc7 Bb2 36. Nxf5 Be6 37. Ne7+ Kf7 38.
d5 Kxe7 39. dxe6 Ra1 40. Rxa1 Bxa1 41. Kf1 Kxe6 42. Ke2 Kd5 43. Kd3 c5 44.
f3 c4+ 45. Kc2 Bd4 46. g4 Ke6 47. Ba5 Ke5 48. Bc7+ Kd5 49. Bd8 Be5 50. Ba5
Bd4 51. Bd8 Ke6 52. Ba5 Bf2 53. Bd8 Be1 54. Kd1 Bb4 55. Kc2 f5 56. Bc7 fxg4
57. hxg4 Kd5 58. Bg3 Bc5 59. Be1 Be3 60. Bc3 Bf4 1/2-1/2

[Event "TCh-RUS"]
[Site "Togliatti RUS"]
[Date "2003.05.25"]
[Round "10"]
[White "Torbin,K"]
[Black "Nevostrujev,V"]
[Result "0-1"]
[WhiteElo "2427"]
[BlackElo "2528"]
[EventDate "2003.05.16"]

1. d4 Nf6 2. Nf3 g6 3. c4 Bg7 4. g3 O-O 5. Bg2 d6 6. O-O Nbd7 7. Nc3 e5 8.
e4 c6 9. b3 exd4 10. Nxd4 Re8 11. Re1 Ng4 12. Bb2 Nc5 13. h3 Ne5 14. Re3
Qb6 15. Qd2 a5 16. Rd1 a4 17. Qc2 h5 18. Nce2 axb3 19. axb3 Ra2 20. Rd2 Ne6
21. Qc1 Rxb2 22. Nxe6 Bxe6 23. Rxb2 Nxc4 24. bxc4 Bxb2 25. Qc2 Be5 26. Nf4
Bd7 27. Rb3 Qa7 28. Nd3 Bd4 29. Kh2 Bc8 30. f4 Bg1+ 31. Kh1 Bd4 32. f5 gxf5
33. Nf4 fxe4 34. Bxe4 Qa1+ 35. Rb1 Qc3 36. Nxh5 Bf5 37. Bxf5 Qf3+ 0-1

[Event "TCh-RUS"]
[Site "Togliatti RUS"]
[Date "2003.05.25"]
[Round "10"]
[White "Lubashov,A"]
[Black "Isajevsky,A"]
[Result "1/2-1/2"]
[WhiteElo "2414"]
[BlackElo "2385"]
[EventDate "2003.05.16"]

1. e4 c5 2. d3 g6 3. g3 Bg7 4. Bg2 Nc6 5. f4 d6 6. Nf3 e6 7. O-O Nge7 8. c3
O-O 9. Be3 b6 10. Bf2 Bb7 11. Na3 Qd7 12. Re1 Rad8 13. Nc2 e5 14. d4 cxd4
15. cxd4 exf4 16. gxf4 d5 17. e5 Bc8 18. Rc1 f6 19. Ne3 Qb7 20. Rc3 Kh8 21.
h3 fxe5 22. fxe5 Be6 23. Ng4 Bf5 24. Bh4 Rc8 25. Qd2 Ng8 26. Bg5 Nce7 27.
Rec1 Rxc3 28. Rxc3 Qd7 29. Nf2 Rc8 30. Nh2 Be6 31. Nhg4 Rf8 32. Ne3 Nc6 33.
a3 h6 34. Bh4 Rf4 35. Bg3 Rxd4 36. Qc2 Nge7 37. Neg4 Rc4 38. Rxc4 dxc4 39.
Nf6 Qc7 40. Qe4 b5 41. Ne8 Qd8 42. Nxg7 Kxg7 43. Qf4 Bf5 44. Bh4 Qd7 45.
Bf6+ Kh7 46. Qe3 Ng8 47. Bxc6 Qxc6 48. Qxa7+ Qd7 49. Qc5 Nxf6 50. exf6 Kg8
51. Qe5 Kf7 52. Kh2 Qe8 53. Qd4 Qb8+ 54. Kg2 Qb7+ 55. Kg1 1/2-1/2

[Event "TCh-RUS"]
[Site "Togliatti RUS"]
[Date "2003.05.25"]
[Round "10"]
[White "Askarov,M"]
[Black "Bogachkov,I"]
[Result "1/2-1/2"]
[WhiteElo "2260"]
[BlackElo "2324"]
[EventDate "2003.05.16"]

1. c4 g6 2. g3 Bg7 3. Bg2 d6 4. Nc3 e5 5. d3 f5 6. e3 Nf6 7. Nge2 O-O 8. b4
c6 9. b5 Be6 10. bxc6 Nxc6 11. Rb1 Rb8 12. O-O d5 13. d4 e4 14. Nf4 Bf7 15.
cxd5 Nxd5 16. Nfxd5 Bxd5 17. Nxd5 Qxd5 18. f3 Qxa2 19. Rb2 Qd5 20. fxe4
fxe4 21. Rxf8+ Bxf8 22. Qc2 Ba3 23. Bxe4 Qd6 24. Rb3 Bxc1 25. Qxc1 Re8 26.
Qc4+ Kh8 27. Rxb7 Nd8 28. Qc8 Qa3 29. Kg2 1/2-1/2